| 000 | 00623nam a2200217Ia 4500 | ||
|---|---|---|---|
| 008 | 160803s9999 xx 000 0 und d | ||
| 020 | _a059042145X | ||
| 100 | _aFreedman, Russell | ||
| 245 | _aLincoln : a photobiography / | ||
| 245 | _cRussell Freedman ; illustrated with photographs and prints. | ||
| 260 | _aNew York : | ||
| 260 | _bScholastic Inc. | ||
| 260 | _c1987 | ||
| 300 | _a150 pages : | ||
| 300 | _billustrations ; | ||
| 300 | _c23 cm | ||
| 650 | _aLincoln, Abraham, -- 1809-1865. | ||
| 650 | _aPresidents -- United States -- Biography -- | ||
| 650 | _xJuvenile literature. | ||
| 700 | _a1110 | ||
| 999 |
_c298899 _d298899 |
||